000 00642nam a2200181 4500
001 148014
003 ES-MaACL
005 20251122140130.0
007 t|
008 070214s1967 sp r ||||1| spa d
100 1 _aStibbs, Alan M.
_9108196
245 1 0 _aDios se hizo hombre
_b: (algunas consideraciones del cómo y el por qué) : [la cristología de Filipenses 2] /
_cAlan M. Stibbs ; [traducción, José Grau ].
260 _aBarcelona :
_bEd. Evangélicas Europeas,
_c[1967] (
_fTipoprint)
300 _a74 p. ;
_c19 cm.
700 1 _aGrau, José,
_d1931-
_9162643
852 _aES-MaACL
_jC-32646
_bR.63548
999 _c148014
_d148014